Najlepsze piłkarskie reprezentacje w stosunku do liczby ludności - Statystyki

Ogólne statystyki
  • Ten quiz został rozwiązany 40 razy
  • Średni wynik to 7 z 10
Statystyki odpowiedzi
Medale / 1mln mieszkańców Państwo % Poprawnych
0,67 Belgia
81%
1,25 Chorwacja
81%
1,32 Holandia
81%
2,75 Portugalia
81%
1,42 Dania
78%
0,81 Szwecja
78%
1,06 Czechy
72%
1,15 Węgry
72%
1,01 Hiszpania
67%
0,64 Bułgaria
47%
Nie znaleziono quizów pasujących do podanych kryteriów
Rozkład punktacji
Procent ludzi z każdym wynikiem
Percentyl według liczby udzielonych odpowiedzi
Twoja historia wyników
Nie rozwiązałeś tego quizu